000 00770nam a2200229 a 4500
001 000013952
005 20240412074240.0
008 091202s1999 dr 000 0 spa d
020 _a9768175125
040 _aDO-SdBNP
_bspa
_cBNPHU
082 _aRD863.44
_bV719m
100 1 _aVillar, Ynoemia
_931611
245 1 0 _aDe mujeres y vampiros :
_barmagedón /
_cYnoemia Villar ; prólogo Daisy Cocco de Filippis,.
260 _aSanto Domingo :
_bCocolo,
_c1999.
300 _a162 p. ;
_c21 cm.
500 _aIncluye datos biográficos de la autora en las solapas
590 _aInventariado, 2020VM
650 0 _aCuentos dominicanos
_9176
650 0 _aLiteratura dominicana.
_967
700 1 2 _aCocco de Filipis, Daisy
_931612
910 _aValidado. Control de calidad MFF
999 _c13556
_d13556